000 00780nam a2200265Ia 4500
003 OSt
005 20220925173326.0
006 a|||||r|||| 00| 0
007 ta
008 220923b |||||||| |||| 00| 0 eng d
037 _cGeneral Book
040 _aRTL
_cRTL
_beng
041 _2eng
_aeng
082 _aX:89Q1:(B), M1;M6
100 _aREITSCH Arthur G
_9243519
245 0 _aBusiness forecasting by John E Hanke and Arthur G
250 _aEd 2
260 _aBoston
_bAllyn Bacon
_c1986
300 _axiii, 491p
_ccm.
500 _aBibliography chapterwise
650 _aForcasting Economics
_9243589
700 _a HANKE John E
_9126555
942 _hX:89Q1:(B), M1;M6
_cGB
_2CC
999 _c487661
_d487661